• Tommaso

di Personal Name

Records bibliografici associati: 3

001 - CONTROL NUMBER

  • control field: 34871

003 - CONTROL NUMBER IDENTIFIER

  • control field: IT-RoPau

005 - DATE AND TIME OF LATEST TRANSACTION

  • control field: 20150606214501.0

008 - FIXED-LENGTH DATA ELEMENTS

  • fixed length control field: 150606|| aca||aabn | a|a d

040 ## - CATALOGING SOURCE

  • Original cataloging agency: IT-RoPau
  • Transcribing agency: IT-RoPau

100 ## - HEADING--PERSONAL NAME

  • Personal name: Tommaso

670 ## - SOURCE DATA FOUND

  • Source citation: Work cat.: (IT-RoPau)18751: Tommaso, Commenti di Matteo e Giovanni
CREDITS: SOCIETA' SAN PAOLO Via A.Severo, 58 - ROMA (RM) & PERIODICI SAN PAOLO SRL Via Giotto, 36 MILANO & CISF Via Giotto, 36 MILANO & EDIZIONI SAN PAOLO SRL,  Piazza Soncino, 5 CINISELLO BALSAMO (MI) -- ITALY